| 000 | 01009nas a2200301 4500 | ||
|---|---|---|---|
| 001 | BR2013005871 | ||
| 003 | BR-BrBNA | ||
| 005 | 20231205122728.0 | ||
| 007 | ta | ||
| 008 | 230509b bl.|||p| |||| 00| 00por d | ||
| 040 |
_aBR-BrBNA _bpor _cBiblioteca Nacional de Agricultura |
||
| 041 | _a(Pt) | ||
| 072 | _aP36; P33 | ||
| 100 | 1 | _aSantos, M.A. dos | |
| 100 | 1 | _aFreire, M.B.G. dos S. | |
| 100 | 1 | _aAlmeida, B.G. de | |
| 100 | 1 | _aLins, C.M.T. | |
| 100 | 1 | _aSilva, E.M. da | |
| 245 | 1 | _aDinâmica de íons em solo salino-sódico sob fitorremediação com Atriplex nummularia e aplicação de gesso | |
| 650 | _aQUÍMICA DO SOLO | ||
| 650 | _aRECUPERAÇÃO DO SOLO | ||
| 650 | _aSALINIDADE | ||
| 650 | _aCORRETIVO | ||
| 773 | 0 |
_tRevista Brasileira de Engenharia Agrícola e Ambiental (Brazil) _xISSN 1807-1929 _g(Apr 2013), v. 17(4) p. 397-404 _wBR2013005871 |
|
| 856 | 4 | 0 | _uhttp://www.scielo.br/pdf/rbeaa/v17n4/a07v17n4.pdf |
| 909 |
_a202311 _bLúcia _c55 _dLúcia Elande |
||
| 942 |
_2AGRIS _n0 _cANA |
||
| 999 |
_c230212 _d230212 |
||